| 000 | 01047cab a2200205 4500 | ||
|---|---|---|---|
| 001 | L136230 | ||
| 008 | 070118n2007 000 0 eng u | ||
| 035 | _a(Sirsi) u136230 | ||
| 041 | 0 | _aeng | |
| 050 | 0 | 4 | _a711.26 $2 18 |
| 110 | 1 |
_aUnited Kingdom _bDepartment for Environment, Food and Rural Affairs |
|
| 245 | 0 | 0 |
_aUrban flood risk and integrated drainage pilot studies _h[electronic resource] |
| 260 |
_aLondon _bDEFRA _c2007 |
||
| 520 | _aDetails of 15 pilot studies from across the country on integrated urban drainage. The pilots will provide new tools and techniques for mapping and managing surface water following heavy rainfall events and bring more clarity on responsibilities for those managing urban flooding. | ||
| 590 | _aKA | ||
| 651 | 4 |
_aEngland _y886- |
|
| 690 | _aENVIRONMENTAL AND LAND CONSULTANCY-WATER RESOURCE MANAGEMENT-DRAINAGE-SUSTAINABLE URBAN DRAINAGE SYSTEMS | ||
| 856 | 4 | 0 |
_uhttps://www.defra.gov.uk/environ/fcd/policy/strategy/ha2.htm _zView the pilot details free of charge at www.defra.gov.uk... |
| 942 | _n0 | ||
| 999 |
_c106346 _d106346 |
||